000 00739cam a22001815a 4500
001 L155788
008 120416m17921799xxk f 000 0 eng d
035 _a(Sirsi) u155788
041 0 _aeng
100 1 _aHorwood, Richard
245 0 0 _aPlan of the cities of London and Westminster the borough of Southwark, and parts adjoining shewing every house
260 _aLondon
_bRichard Horwood
_c[1792-1799]
300 _a[32] plates
_c1o
520 _aThe work consists of 32 folio engravings, forming together a map of London gridded A-H/1-4 (the letters appear top and bottom centre, the numbers left and right centre), with a total engraved area of around 216 x 400 cm.
651 4 _aLondon
690 _aMeasurement
_96256
942 _n0
999 _c113823
_d113823